Phát triển lí luận dạy học môn Toán Nghiên cứu khoa học giáo dục

Enregistré dans:
Détails bibliographiques
Auteur principal: Nguyễn, Bá Kim
Format: Livre
Langue:Undetermined
Publié: Hà Nội Giáo Dục 1997
Sujets:
Tags: Ajouter un tag
Pas de tags, Soyez le premier à ajouter un tag!
Thư viện lưu trữ: Trung tâm Học liệu Trường Đại học Cần Thơ
LEADER 00655nam a2200181Ia 4500
001 CTU_22496
008 210402s9999 xx 000 0 und d
082 |a 510.071 
082 |b K310/T.1 
100 |a Nguyễn, Bá Kim 
245 0 |a Phát triển lí luận dạy học môn Toán 
245 0 |b Nghiên cứu khoa học giáo dục 
245 0 |c Vũ Dương Thụy, Nguyễn Bá Kim, Phạm Văn Kiều 
260 |a Hà Nội 
260 |b Giáo Dục 
260 |c 1997 
650 |a mathematics - study and teaching ( secondary ),mathematics teachers - training 
980 |a Trung tâm Học liệu Trường Đại học Cần Thơ